Vista normal
Vista MARC
Entrada Materia (personas)
Número de registros utilizados en: 1
001 - CONTROL NUMBER
- control field: 34142
003 - CONTROL NUMBER IDENTIFIER
- control field: Co-BoUCM
005 - DATE AND TIME OF LATEST TRANSACTION
- control field: 20130401115836.0
008 - FIXED-LENGTH DATA ELEMENTS
- fixed length control field: 130401|| aca||aabn | a|a d
040 ## - CATALOGING SOURCE
- Original cataloging agency: Co-BoUCM
- Transcribing agency: Co-BoUCM
100 ## - HEADING--PERSONAL NAME
- Personal name: Hurtado Herrera, Deibar René
670 ## - SOURCE DATA FOUND
- Source citation: Work cat.: (Co-BoUCM)166035: Hurtado Herrera, Deibar René, Entremados , 2011